| 000 | 00000nam##2200000za#4500 |
| 001 | 9.663654 |
| 003 | CaOODSP |
| 005 | 20210921101639 |
| 007 | ta |
| 008 | 150407|2002||||xxc||||| f|0| 0 fre|d |
| 020 | |a0-662-66485-X |
| 040 | |aCaOODSP|bfre |
| 041 | |aeng |
| 041 | |afre |
| 043 | |an-cn--- |
| 086 | 1 |aRG23-98/2002 |
| 110 | 1 |aCanada. |bBureau de la consommation. |
| 245 | 13|aUn cadre d'évaluation pour les codes volontaires |
| 260 | |aOttawa - Ontario : |bIndustrie Canada. |c2002. |
| 546 | |aBilingue |
| 563 | |aCouverture souple |
| 776 | 0#|tA framework for evaluating voluntary codes |w(CaOODSP)9.698603 |
| 776 | 0#|tUn cadre d'évaluation pour les codes volontaires |w(CaOODSP)9.642610 |
| 791 | |tA framework for evaluating voluntary codes |eeng|w(CaOODSP)9.663653 |
| 986 | |a53669B |